[Event "2021 Adv Chess Server Champ., X21019"]
[Site "CCLA"]
[Date "2021.04.23"]
[Round "?"]
[White "Waitkus, Jay"]
[Black "Haase, F. Philip"]
[Result "1/2-1/2"]
[WhiteElo "2227"]
[BlackElo "2217"]

1. e4 c5 2. Nf3 d6 3. d4 cxd4 4. Nxd4 Nf6 5. Nc3 a6 6. Be3 e5 7. Nb3 Be6 
8. Qd2 Nbd7 9. f3 b5 10. a4 b4 11. Nd5 Bxd5 12. exd5 Nb6 13. O-O-O Nbxd5 
14. Bc4 Nxe3 15. Qxe3 Be7 16. f4 Qc7 17. fxe5 dxe5 18. Qe2 O-O 19. g4 e4 
20. Kb1 e3 21. Rhf1 Bd6 22. Bxa6 Ne4 23. Rd4 Nd2+ 24. Nxd2 Qb6 25. Nc4 
Qxd4 26. Rd1 Qxd1+ 27. Qxd1 Rxa6 28. Nxd6 Rd8 29. Qe2 Rdxd6 30. Qxe3 Rd1+ 
31. Ka2 Rxa4+ 32. Kb3 Ra8 33. Qf4 Rd7 34. Qxb4 h5 35. c3 hxg4 36. Qxg4 Rd2
37. Qf4 Rad8 38. Ka3 Ra8+ 39. Kb3 Re2 40. c4 Rae8 41. c5 Rc8 42. Qd6 Re6 
43. Qd4 Rec6 44. Kc4 Rxc5+ 45. Qxc5 Rxc5+ 46. Kxc5 Kf8 47. h4 g6 48. Kd6 
Ke8 49. b4 1/2-1/2

[Event "2021 Adv Chess Server Champ., X21019"]
[Site "CCLA"]
[Date "2021.04.23"]
[Round "?"]
[White "Waitkus, Jay"]
[Black "Harris, Timothy"]
[Result "1/2-1/2"]
[WhiteElo "2227"]
[BlackElo "2259"]

1. e4 e5 2. Nc3 Nf6 3. d4 exd4 4. Qxd4 Nc6 5. Qd3 Bc5 6. Bf4 d6 7. Qd2 Be6
8. Nf3 Bb4 9. Bd3 d5 10. exd5 Nxd5 11. O-O Bxc3 12. bxc3 Qf6 13. Bg3 Qxc3 
14. Qxc3 Nxc3 15. Bxc7 Rc8 16. Bd6 f6 17. a4 Kf7 18. Ra3 Rhd8 1/2-1/2

[Event "2021 Adv Chess Server Champ., X21019"]
[Site "CCLA"]
[Date "2021.04.23"]
[Round "?"]
[White "Waitkus, Jay"]
[Black "Owens, Johnny"]
[Result "1/2-1/2"]
[WhiteElo "2227"]
[BlackElo "2174"]

1. e4 d5 2. exd5 Qxd5 3. Nc3 Qd6 4. d4 Nf6 5. Nf3 c6 6. Ne5 Nbd7 7. Nc4 
Qc7 8. Qf3 Nb6 9. Bf4 Qd8 10. Be5 Be6 11. Ne3 g6 12. Be2 Bg7 13. h4 Nbd7 
14. Qg3 Qa5 15. Bc7 Nb6 16. O-O-O Bxa2 17. h5 Bh6 18. hxg6 hxg6 19. f4 Be6
20. Kb1 Bg7 21. Bd3 Rxh1 22. Rxh1 Nh5 23. Qf3 f5 24. Nxf5 Bxf5 25. Bxf5 
Qxf5 26. g4 Qd7 27. Bxb6 axb6 28. gxh5 Qxd4 29. h6 Bh8 30. f5 Qc4 31. fxg6
Bxc3 32. bxc3 Qa2+ 33. Kc1 Rd8 34. Qf7+ Qxf7 1/2-1/2